20 najbardziej zaludnionych państw Europy - Statystyki

Ogólne statystyki
  • Ten quiz został rozwiązany 1 315 razy
  • Średni wynik to 18 z 20
Statystyki odpowiedzi
Liczba ludności Państwo % Poprawnych
38 346 279 Polska
100%
142 470 272 Rosja
99%
66 259 012 Francja
98%
47 737 941 Hiszpania
98%
80 996 685 Niemcy
98%
42 805 731 Ukraina
97%
61 680 122 Włochy
96%
63 742 977 Wielka Brytania
95%
9 723 809 Szwecja
92%
10 813 834 Portugalia
91%
10 627 448 Czechy
90%
81 619 392 Turcja
89%
10 775 557 Grecja
88%
9 608 058 Białoruś
87%
21 729 871 Rumunia
87%
8 223 062 Austria
85%
16 877 351 Niderlandy
85%
10 449 361 Belgia
83%
9 919 128 Węgry
82%
17 948 816 Kazachstan
42%
Nie znaleziono quizów pasujących do podanych kryteriów
Rozkład punktacji
Procent ludzi z każdym wynikiem
Percentyl według liczby udzielonych odpowiedzi
Twoja historia wyników
Nie rozwiązałeś tego quizu